Catálogo
 En Linea

Cinco grandes mensajes / (Registro nro. 14732)

Detalles MARC
000 -CABECERA
campo de control de longitud fija 01126cam a2200277 a 4500
001 - NÚMERO DE CONTROL
campo de control 000015161
005 - FECHA Y HORA DE LA ÚLTIMA TRANSACCIÓN
campo de control 20200929163954.0
008 - DATOS DE LONGITUD FIJA--INFORMACIÓN GENERAL
campo de control de longitud fija 811123s1969 sp 000 0 spa
040 ## - FUENTE DE LA CATALOGACIÓN
Centro catalogador/agencia de origen DO-SdBNP
Centro/agencia transcriptor CarP
Centro/agencia modificador DLC
050 00 - SIGNATURA TOPOGRÁFICA DE LA BIBLIOTECA DEL CONGRESO
Número de clasificación BX860
Número de documento/Ítem .I75 1968
082 ## - NÚMERO DE LA CLASIFICACIÓN DECIMAL DEWEY
Número de clasificación nnn
Número de documento/Ítem I68c, 1969
049 ## - FONDOS LOCALES (OCLC)
Fondos de biblioteca BNGR
100 1# - ENTRADA PRINCIPAL--NOMBRE DE PERSONA
Nombre de persona Iribarren, Jesús,
9 (RLIN) 34318
245 10 - MENCIÓN DE TÍTULO
Título Cinco grandes mensajes /
Mención de responsabilidad, etc. edición preparada por ; Jesús Iribarren y José Luis Gutiérrez García ; prólogo Emilio Benavent.
250 ## - MENCIÓN DE EDICIÓN
Mención de edición 3. ed.
260 ## - PUBLICACIÓN, DISTRIBUCIÓN, ETC.
Lugar de publicación, distribución, etc. Madrid, :
Nombre del editor, distribuidor, etc. Biblioteca de Autores Cristianos,
Fecha de publicación, distribución, etc. 1969.
300 ## - DESCRIPCIÓN FÍSICA
Extensión xiii, 382 p. ;
Dimensiones 18 cm.
650 #0 - PUNTO DE ACCESO ADICIONAL DE MATERIA--TÉRMINO DE MATERIA
Término de materia o nombre geográfico como elemento de entrada Encyclicals, papal. [from old catalog]
9 (RLIN) 34319
700 1# - PUNTO DE ACCESO ADICIONAL--NOMBRE DE PERSONA
Nombre de persona Iribarren, Jesús
Término indicativo de función/relación ed.
9 (RLIN) 34318
700 1# - PUNTO DE ACCESO ADICIONAL--NOMBRE DE PERSONA
Nombre de persona Gutiérrez García, José Luis
Término indicativo de función/relación ed.
9 (RLIN) 34320
700 1# - PUNTO DE ACCESO ADICIONAL--NOMBRE DE PERSONA
Nombre de persona Benavent, Emilio
Término indicativo de función/relación pról
9 (RLIN) 34321
710 1# - PUNTO DE ACCESO ADICIONAL--NOMBRE DE ENTIDAD CORPORATIVA
Nombre de entidad corporativa o nombre de jurisdicción como elemento de entrada Catholic Church.
Unidad subordinada Pope (1958-1963 : John XXIII)
9 (RLIN) 34322
710 2# - PUNTO DE ACCESO ADICIONAL--NOMBRE DE ENTIDAD CORPORATIVA
Nombre de entidad corporativa o nombre de jurisdicción como elemento de entrada Catholic Church.
Unidad subordinada Pope (1963-1978 : Paul VI)
9 (RLIN) 34323
711 22 - PUNTO DE ACCESO ADICIONAL--NOMBRE DE REUNIÓN/CONGRESO
Nombre de congreso/reunión o jurisdicción como elemento de entrada Vatican Council
Número del congreso/reunión o número de parte o sección (2nd :
Fecha del congreso/reunión 1962-1965).
Título de la obra Constitutio pastoralis de ecclesia in mundo huius temporis.
Lenguaje de la obra Spanish.
9 (RLIN) 34324
910 ## - DATOS DE OPCIÓN DEL USUARIO (OCLC)
Datos de opción del usuario Catalogación por copia / LC
Existencias
Estado de retiro Estado de pérdida Restricciones de uso No para préstamo Código de colección Localización permanente Ubicación/localización actual Ubicación en estantería Fecha de adquisición Número de inventario Total de préstamos Signatura topográfica completa Código de barras Fecha visto por última vez Precio válido a partir de Tipo de ítem Koha
        Monografías: Libros y Folletos General General En catalogación 26.03.2010 LF1   nnn I68c, 1969 15161-10 25.06.2020 25.06.2020 Préstamo en sala

Con tecnología Koha